Vista normal
Vista MARC
Entrada Nombre personal
Número de registros utilizados en: 5
001 - NÚMERO DE CONTROL
- campo de control: 1809
003 - IDENTIFICADOR DEL NÚMERO DE CONTROL
- campo de control: BNPHU
005 - FECHA Y HORA DE LA ÚLTIMA TRANSACCIÓN
- campo de control: 20250210123732.0
008 - DATOS DE LONGITUD FIJA
- campo de control de longitud fija: 200615|| aca||aabn | a|a d
010 ## - NÚMERO DE CONTROL DE LA BIBLIOTECA DEL CONGRESO
- Número de control de LC: n 93107980
040 ## - FUENTE DE LA CATALOGACIÓN
- Centro catalogador/agencia de origen: DO-SdBNP
- Lengua de catalogación: spa
- Centro/agencia transcriptor: BNPHU
- Normas de descripción: rda
046 ## - FECHAS CON CODIFICACIÓN ESPECIAL
- Fecha de nacimiento: 1953-
100 1# - ENCABEZAMIENTO-NOMBRE DE PERSONA
- Nombre de persona: Bogaert García, Huberto,
- Fechas asociadas al nombre: 1953-
400 1# - TRAZADO DE VÉASE--NOMBRE DE PERSONA
- Nombre de persona: García, Huberto Bogaert
670 ## - FUENTE DE DATOS ENCONTRADOS
- Cita de la fuente: Work cat.: (OSt)547: Bogaert García, Huberto, 1953-, La transferencia :, 1999.
670 ## - FUENTE DE DATOS ENCONTRADOS
- Cita de la fuente: Enfermedad mental, psicoterapia y cultura, 1992:
- Información encontrada: portada (Huberto Bogaert Garcia)
670 ## - FUENTE DE DATOS ENCONTRADOS
- Cita de la fuente: Neurociencia y psicoanálisis, 2013:
- Información encontrada: portada (Huberto Bogaert García)cubierta p. (n. 1953; psicólogo clínico; doctor en Psicología, Universidad Católica de Lovaina; se formo como psicoanalista en la Escuela Belga de Psicoanálisis)
670 ## - FUENTE DE DATOS ENCONTRADOS
- Identificador Uniforme del Recurso: https://authorities.loc.gov/cgi-bin/Pwebrecon.cgi?AuthRecID=3581849&v1=1&HC=1&SEQ=20250210122323&PID=j6kpQtpRUVnFRZ5tX67D1ZihH3-dz Consultado en 10 de febrero, 2025
